000 00465nam a2200157Ia 4500
008 160316s1929 xxu||||| |||| 00| 0 eng d
082 _a338.642000
_bFRA
100 _aFrances H. Bohlen.
245 _aLiability of Manufacturers to persons other than their Immediate Vendees, Vol. 45, July, 1929
250 _a
260 _a
_bThe Law Quarterly Review
_c1929
300 _a343-3
_b
_c
365 _b
650 _aLiability, Manufacturers, vendees
700 _a
_a
999 _c31828
_d31828